Statistics for Artists Beginning with A

Click here to take the quiz!

General Stats

  • This quiz has been taken 466 times
    (457 since last reset)
  • The average score is 8 of 29

Answer Stats

Hint Answer % Correct
Dancing QueenABBA
95%
Highway to HellAC/DC
83%
RehabAmy Winehouse
81%
Don't Wanna Miss a ThingAerosmith
77%
The House of the Rising SunThe Animals
67%
Someone Like YouAdele
62%
PoisonAlice Cooper
39%
Sugar, SugarThe Archies
32%
LevelsAvicii
30%
1 ThingAmerie
29%
Stand and DeliverAdam and the Ants
26%
Do I Wanna Know?Arctic Monkeys
25%
Dirty Little SecretThe All-American Rejects
24%
Right Now (Na Na Na)Akon
23%
Whole AgainAtomic Kitten
21%
I Need a DollarAloe Blacc
20%
Whatdaya want from me?Adam Lambert
19%
Left Outside AloneAnastacia
16%
Best Day of My lifeAmerican Authors
14%
Mr. SaxobeatAlexandra Stan
12%
Music to Watch Girls Go ByAndy Williams
11%
Too CloseAlex Clare
9%
Bad BoysAlexandra Burke
8%
Release meAgnes
7%
WeightlessAll Time Low
7%
More, More, MoreAndrea True Connection
3%
I Love Rock & RollThe Arrows
3%
MonsterThe Automatics
2%
HappinessAlexis Jordan
2%

Score Distribution

Percentile by Number Answered

Percent of People with Each Score

Your Score History

You have not taken this quiz since the last reset